01470 2200289 4500001002100000005001500021035002000036008004100056020001800097041000800115082001100123084001700134100001900151245006500170260004800235300003300283500001900316520061400335650002800949650005000977990002601027990002501053990002601078990002501104990002501129990002601154INLIS00000000000180720221103110019 a0010-0520001807221103 | | eng  a0-314-06505-9 aeng a342.73 a342.73 COH p0 aCohen, Anne M.1 aPractical Administrative Law for Paralegals /cAnne M. Cohen aMinneapolis/St. Paul :bMc Graw Hill,c1996 axxii, 441 p.; 26 cm ;c26 cm aIndeks : index aAdministrative law is interesting as well as important. Each agency is a miniature government, exercising legislative, executive, and judicial power. This book focuses on the ?doing? of administrative law. It is the ?doing? of the administrative law that is both its joy and frustration. The book includes ?stories? like Leah A.?s because those ?stories? make administrative law interesting. This book is arranged in the order of most agency proceedings. It begins with a description of the what and why of administrative law and then describes the acquisition, disclosure, and use of information by agencies. 4aAdministrative Law - US 4aLegal Assistants - US - Handbook, Manual, etc a07413/MKRI-P/XII-2007 a05850/MKRI-P/IX-2008 a07413/MKRI-P/XII-2007 a05850/MKRI-P/IX-2008 a05850/MKRI-P/IX-2008 a07413/MKRI-P/XII-2007